The good book : an introduction to the Bible /

Bibliographic Details
Main Author: Redhead, Brian
Other Authors: Gumley, Frances
Format: Book
Language:English
Published: London : Duckworth, 1987.
Subjects:

MARC

Tag First Indicator Second Indicator Subfields
LEADER 00000cam a2200000 a 4500
001 in00000024744
005 20151007054403.0
008 880120s1987 enkaf 00110 eng d
010 |a gb 87052129  
015 |a GB87-52129 
020 |a 071562153X :  |c £9.95 : CIP confirmed 
035 |a (OCoLC)17259500 
035 |9 AAB4887AM 
040 |a UKM  |c UKM  |d TXA  |d UtOrBLW 
049 |a TXAM  |c [A11521692] 
050 1 0 |a BS491.2 
050 4 |a BS491.2  |b .R4 1987 
082 0 |a 220.6  |2 19 
100 1 |a Redhead, Brian. 
245 1 4 |a The good book :  |b an introduction to the Bible /  |c Brian Redhead & Frances Gumley. 
264 1 |a London :  |b Duckworth,  |c 1987. 
300 |a viii, 228 pages, 1 unnumbered leaf of plates :  |b illustrations ;  |c 24 cm. 
336 |a text  |b txt  |2 rdacontent 
337 |a unmediated  |b n  |2 rdamedia 
338 |a volume  |b nc  |2 rdacarrier 
500 |a Includes index. 
630 0 0 |a Bible  |v Commentaries. 
700 1 |a Gumley, Frances. 
999 |a MARS 
999 f f |s eef912f0-689d-3cda-9be3-e56a9028a9ee  |i bf32d3d9-f894-3629-bf47-b427d0a16138  |t 0 
952 f f |p ric  |a Texas A&M University  |b Rellis Campus  |c Joint Library Facility  |d Remote Storage  |t 0  |e BS491.2 .R4 1987  |h Library of Congress classification  |i unmediated -- volume  |m A14811521692 
998 f f |a BS491.2 .R4 1987  |t 0  |l Remote Storage